<?xml version="1.0" encoding="UTF-8"?>
<record
    xmlns:xsi="http://www.w3.org/2001/XMLSchema-instance"
    xsi:schemaLocation="http://www.loc.gov/MARC21/slim http://www.loc.gov/standards/marcxml/schema/MARC21slim.xsd"
    xmlns="http://www.loc.gov/MARC21/slim">

  <leader>03360nam a22003735a 4500</leader>
  <datafield tag="999" ind1=" " ind2=" ">
    <subfield code="c">26939</subfield>
    <subfield code="d">26911</subfield>
  </datafield>
  <controlfield tag="003">EG-ScBUE</controlfield>
  <controlfield tag="005">20201128024358.0</controlfield>
  <controlfield tag="008">181103t2019    nyua   f b    001 0 eng d</controlfield>
  <datafield tag="020" ind1=" " ind2=" ">
    <subfield code="a">9781260092431</subfield>
  </datafield>
  <datafield tag="020" ind1=" " ind2=" ">
    <subfield code="a">1260092437</subfield>
  </datafield>
  <datafield tag="040" ind1=" " ind2=" ">
    <subfield code="a">EG-ScBUE</subfield>
    <subfield code="b">eng</subfield>
    <subfield code="e">rda</subfield>
    <subfield code="c">EG-ScBUE</subfield>
    <subfield code="d">EG-ScBUE</subfield>
  </datafield>
  <datafield tag="082" ind1="0" ind2="4">
    <subfield code="a">808.042076</subfield>
    <subfield code="b">HOE</subfield>
    <subfield code="2">22</subfield>
  </datafield>
  <datafield tag="100" ind1="1" ind2=" ">
    <subfield code="a">Hoeffner, Lisa,</subfield>
    <subfield code="e">author.</subfield>
    <subfield code="9">41881</subfield>
  </datafield>
  <datafield tag="245" ind1="1" ind2="0">
    <subfield code="a">Common Places :</subfield>
    <subfield code="b">integrated reading and writing /</subfield>
    <subfield code="c">Lisa Hoeffner, Mclennan Community College, Kent Hoeffner, Mclennan Community College.</subfield>
  </datafield>
  <datafield tag="250" ind1=" " ind2=" ">
    <subfield code="a">Second edition.</subfield>
  </datafield>
  <datafield tag="250" ind1=" " ind2=" ">
    <subfield code="a">International student edition.</subfield>
  </datafield>
  <datafield tag="264" ind1=" " ind2="1">
    <subfield code="a">New York, NY :</subfield>
    <subfield code="b">McGraw-Hill Education,</subfield>
    <subfield code="c">[2019]</subfield>
  </datafield>
  <datafield tag="264" ind1=" " ind2="4">
    <subfield code="c">c2019</subfield>
  </datafield>
  <datafield tag="300" ind1=" " ind2=" ">
    <subfield code="a">xxxii, 656 pages :</subfield>
    <subfield code="b">color illustrations ;</subfield>
    <subfield code="c">28 cm</subfield>
  </datafield>
  <datafield tag="336" ind1=" " ind2=" ">
    <subfield code="2">rdacontent</subfield>
    <subfield code="a">text</subfield>
    <subfield code="b">txt</subfield>
  </datafield>
  <datafield tag="337" ind1=" " ind2=" ">
    <subfield code="2">rdamedia</subfield>
    <subfield code="a">unmediated</subfield>
    <subfield code="b">n</subfield>
  </datafield>
  <datafield tag="338" ind1=" " ind2=" ">
    <subfield code="2">rdacarrier</subfield>
    <subfield code="a">volume</subfield>
    <subfield code="b">nc</subfield>
  </datafield>
  <datafield tag="504" ind1=" " ind2=" ">
    <subfield code="a">Includes bibliographical references and index.</subfield>
  </datafield>
  <datafield tag="505" ind1="0" ind2=" ">
    <subfield code="a">Brief Table of ContentsQuick Start Guide to Integrated Reading and Writing AssignmentsPART ONE: Planning for SuccessChapter 1Critical Thinking Skills and Success StrategiesPART TWO: Reading and Writing as Integrated ProcessesChapter 2Annotating Texts and Developing VocabularyChapter 3Previewing Texts and Working with TopicsChapter 4Main IdeasChapter 5Support for Main IdeasChapter 6Text Purposes and Text PatternsChapter 7Organizing, Drafting, and SummarizingChapter 8Titles, Introductions, and ConclusionsChapter 9Inferences and ToneChapter 10Revising and EditingPART THREE: Integrated Reading and Writing ProjectsChapter 11Project 1: Working with Informative TextsSubject: Social Media-For Better or Worse Chapter 12Project 2: Working with Analysis and Evaluation Texts Subject: Our Vulnerable PlanetChapter 13Project 3: Working with Argument TextsSubject: The Impact of Wal-MartAvalable Only in CreateProject 4: Reading and Writing SummariesSubject: Motivations and MindsetsProject 5: Reading and Writing to Solve ProblemsSubject: Problem-Solving SkillsProject 6: Reading and Writing Persuasive ResponsesSubject: Prisoners and EducationPART FOUR: Additional SkillsChapter 14Using SourcesAvalable Only in CreateStrategies for Reading and Writing ExamsPART FIVE: Well-Crafted SentencesUnit 1 Sentence Combining: Building Blocks of Good SentencesUnit 2 Spelling and Word ChoiceUnit 3 Punctuation and MechanicsAvalable Only in CreateEditing PracticePART SIX: Thematic Anthology of ReadingsTheme: Triumphing Over AdversityTheme: Self-SegregationTheme: Is Comedy Central?Theme: Planning for the FutureAvalable Only in CreateTheme: Television and StereotypesTheme: The Rules of Attraction.</subfield>
  </datafield>
  <datafield tag="520" ind1=" " ind2=" ">
    <subfield code="a">With a seamlessly integrated foundation in reading and writing strategies, purpose-oriented projects for upper and lower level IRW courses, a fresh approach to grammar that emphasizes sentence combining and grammar in context, and multiple features to promote metacognitive thinking, this book offers a flexible and adaptive approach.</subfield>
  </datafield>
  <datafield tag="650" ind1=" " ind2="7">
    <subfield code="a">English language</subfield>
    <subfield code="x">Rhetoric</subfield>
    <subfield code="v">Problems, exercises, etc.</subfield>
    <subfield code="2">BUEsh</subfield>
  </datafield>
  <datafield tag="650" ind1=" " ind2="7">
    <subfield code="a">Report writing</subfield>
    <subfield code="v">Problems, exercises, etc.</subfield>
    <subfield code="2">BUEsh</subfield>
  </datafield>
  <datafield tag="650" ind1=" " ind2="7">
    <subfield code="a">Reading comprehension</subfield>
    <subfield code="v">Problems, exercises, etc.</subfield>
    <subfield code="2">BUEsh</subfield>
    <subfield code="9">2827</subfield>
  </datafield>
  <datafield tag="651" ind1=" " ind2=" ">
    <subfield code="2">BUEsh</subfield>
  </datafield>
  <datafield tag="653" ind1=" " ind2=" ">
    <subfield code="b">HHUUEENN</subfield>
    <subfield code="c">November2018</subfield>
  </datafield>
  <datafield tag="655" ind1=" " ind2=" ">
    <subfield code="v">Reading book</subfield>
    <subfield code="9">34232</subfield>
  </datafield>
  <datafield tag="700" ind1="1" ind2=" ">
    <subfield code="a">Hoeffner, Kent,</subfield>
    <subfield code="e">author.</subfield>
    <subfield code="9">41882</subfield>
  </datafield>
  <datafield tag="942" ind1=" " ind2=" ">
    <subfield code="2">ddc</subfield>
    <subfield code="c">BB</subfield>
  </datafield>
  <datafield tag="952" ind1=" " ind2=" ">
    <subfield code="0">0</subfield>
    <subfield code="1">0</subfield>
    <subfield code="2">ddc</subfield>
    <subfield code="4">0</subfield>
    <subfield code="7">0</subfield>
    <subfield code="8">Baccah</subfield>
    <subfield code="a">MAIN</subfield>
    <subfield code="b">MAIN</subfield>
    <subfield code="c">2ND</subfield>
    <subfield code="d">2018-11-03</subfield>
    <subfield code="e">Purchase</subfield>
    <subfield code="g">550.00</subfield>
    <subfield code="l">1</subfield>
    <subfield code="m">2</subfield>
    <subfield code="o">808.042076 HOE</subfield>
    <subfield code="p">000043769</subfield>
    <subfield code="r">2025-07-15 00:00:00</subfield>
    <subfield code="s">2019-10-15</subfield>
    <subfield code="y">BB</subfield>
  </datafield>
</record>
